K problematike filmových podtitulkov

Bibliographic Details
Main Author: Branko, Pavel, 1921-2020 (Author)
Format: Article
Language:Slovak
Subjects:

MARC

LEADER 00000nab a2200000uu 4500
001 vtls011438813
003 SK-MaSNL
005 20260303151424.0
008 230222| xo |||||||||||||||||slo|
015 |a SNBRB 
035 |a (urnnbn)urn:nbn:sk:snk:ar-002u5i 
035 |a (uuid)6c53e3d2-df40-4aef-8865-01d960a4ccfc 
035 |a urn:nbn:sk:snk-abcdno 
040 |a SNKBUCL  |b slo  |c SNKBUCL  |e AACR2 
041 0 |a slo 
044 |a xo  |c SK 
100 1 |a Branko, Pavel,  |d 1921-2020  |4 aut  |9 85497 
245 1 0 |a K problematike filmových podtitulkov  |c Pavol Branko 
650 0 7 |a film  |2 SNKPH  |9 1425 
650 0 7 |a filmové podtitulky  |2 SNKPH  |9 1170978 
655 7 |a štúdie  |2 SNKPH  |9 57033 
773 0 |t Slovenská reč : časopis pre výskum slovenského jazyka : orgán Jazykovedného ústavu Ľudovíta Štúra Slovenskej akadémie vied  |g Roč. 17, č. 7-8 (1951-1952), s. 214-233 
954 |a odborná, vedecká literatúra pôvodná (slovenská)  |2 lita 
958 |a OND 
958 |a EUIPO 
958 |a article16 
999 |c 2017590  |d 2019520